00818 2200241 4500001002100000005001500021035002000036245006800056100002000124250002400144300002500168260004600193082001100239084001700250020002200267650001600289650002400305520014300329008004100472990002100513990002100534990002100555INLIS00000000001414320240103084245 a0010-09230000121 aMEDIA RELATIONS :bKonsep, pendekatan dan praktik, edisi revisi0 aYosal Iriantara aEdisi Revis, Cet. 1 axii, 276 hlm.; 25 cm aBandung :bSimbiosa Rekatama Media,c2019 a302.23 a302.23 YOS m a978-602-7973-82-4 aMedia Massa aHubungan Masyarakat aBuku ini membahas konsep-konsep dasar PR yang perlu dipahami ketika akan menjalin hubungan yang baik dan berkomunikasi dengan media massa.240103 e 0 ind  a023.1975/PC/2023 a023.1976/PC/2023 a023.1977/PC/2023